Memoria 1988-1991 / (Record no. 17686)
[ view plain ]
| 000 -LEADER | |
|---|---|
| campo de control de longitud fija | 00516nam a2200181 i 4500 |
| 001 - NÚMERO DE CONTROL | |
| campo de control | 17686 |
| 003 - IDENTIFICADOR DE NÚMERO DE CONTROL | |
| campo de control | ES-MaACL |
| 005 - FECHA Y HORA DE LA ÚLTIMA TRANSACCIÓN | |
| campo de control | 20230906151636.0 |
| 007 - CAMPO FIJO DE DESCRIPCIÓN FÍSICA--INFORMACIÓN GENERAL | |
| campo de control de longitud fija | t| |
| 008 - DATOS DE LONGITUD FIJA--INFORMACIÓN GENERAL | |
| campo de control de longitud fija | 010425s1991 sp |||| | spa d |
| 080 ## - NÚMERO DE LA CLASIFICACIÓN DECIMAL UNIVERSAL | |
| Número de la Clasificación Decimal Universal | 061.236.3(460.16 Pamplona) |
| 110 2# - ENTRADA PRINCIPAL--NOMBRE DE ENTIDAD CORPORATIVA | |
| Nombre de entidad corporativa o nombre de jurisdicción como elemento de entrada | Ateneo Navarro. |
| 9 (RLIN) | 2051 |
| 245 10 - MENCIÓN DEL TÍTULO | |
| Título | Memoria 1988-1991 / |
| Mención de responsabilidad, etc. | Ateneo Navarro = Nafar Ateneoa. |
| 260 ## - PUBLICACIÓN, DISTRIBUCIÓN, ETC. | |
| Lugar de publicación, distribución, etc. | [Pamplona : |
| Nombre del editor, distribuidor, etc. | Ateneo Navarro, |
| Fecha de publicación, distribución, etc. | 1991] |
| 300 ## - DESCRIPCIÓN FÍSICA | |
| Extensión | 48 p. ; |
| Dimensiones | 21 cm. |
| 610 24 - PUNTO DE ACCESO ADICIONAL DE MATERIA--NOMBRE DE ENTIDAD CORPORATIVA | |
| Nombre de entidad corporativa o nombre de jurisdicción como elemento de entrada | Ateneo Navarro- |
| Subdivisión de forma | Memorias. |
| 9 (RLIN) | 169118 |
| 852 ## - LOCALIZACIÓN | |
| Ubicación | ES-MaACL |
| Número de control de estantería | 2163-F-15 |
| Estatus retirado | Estado de pérdida | Estado de daño | No para préstamo | Colección | Biblioteca de origen | Biblioteca actual | Ubicación en estantería | Fecha de adquisición | Fuente de adquisición | Total de préstamos | Signatura topográfica completa | Código de barras | Visto por última vez | Precio de reemplazo | Tipo de ítem Koha |
|---|---|---|---|---|---|---|---|---|---|---|---|---|---|---|---|
| Colección de folletos | Biblioteca del Ateneo de Madrid | Biblioteca del Ateneo de Madrid | Depósito folletos | 17/01/2008 | 2163-F-15 | 1018042 | 23/02/2023 | 23/02/2023 | Folleto |
